000 00464nam a2200145 4500
999 _c6302
_d6302
008 170220b xxu||||| |||| 00| 0 eng d
082 _aDPer 910.5 T69 Jan-Aug 2015 v. 1-4
100 _918927
_aMa. Glaiza Lee.
245 _aHome away from home/
_cMa. Glaiza Lee.
260 _aPhilippines:
_bOne Mega Group,
_c©2015.
300 _av4, page 34:
_billustrations;
_c28 cm.
500 _aTravel Now.
650 0 _918928
_aAeronautics
_xFlights
942 _2ddc
_cPER